[Event "FIDE World Uni Rapid-E 1st"]
[Site "Tornelo INT"]
[Date "2021.03.21"]
[Round "8"]
[White "Hess, Max"]
[Black "Kirilin, Dmitrij"]
[Result "1-0"]
[WhiteElo "2441"]
[BlackElo "2093"]
[PlyCount "183"]
[EventDate "2021.03.20"]
[EventType "swiss (rapid)"]
[EventRounds "12"]
[EventCountry "NET"]
[SourceTitle "EXT 2022"]
[Source "ChessBase"]
[SourceDate "2021.10.06"]
[SourceVersion "1"]
[SourceVersionDate "2021.10.06"]
[SourceQuality "1"]

1. e4 c5 2. Nc3 Nc6 3. Bb5 Nd4 4. Nf3 Nxb5 5. Nxb5 a6 6. Nc3 d6 7. d4 cxd4 8. Qxd4 Nf6 9. Bg5 e6 10. 0-0-0 h6 11. Bh4 Be7 12. e5 dxe5 13. Qxe5 Qb6 14. Nd4 0-0 15. Nf5 exf5 16. Qxe7 Re8 17. Qa3 Qc6 18. Bxf6 Qxf6 19. Nd5 Qd8 20. Qg3 Be6 21. Nc7 Qc8 22. Nxe8 Qxe8 23. Rd2 Kh7 24. Rhd1 Rc8 25. Qe3 Qa4 26. a3 b5 27. Qd4 Rc4 28. Qd6 b4 29. Kb1 bxa3 30. Qxa3 Qb5 31. b3 Rb4 32. Rd4 Rxd4 33. Rxd4 Qf1+ 34. Qc1 Qxf2 35. Rd2 Qc5 36. g3 a5 37. Qb2 Qg1+ 38. Ka2 a4 39. Qd4 axb3+ 40. cxb3 Qc1 41. h4 Qe1 42. Qc3 Qe4 43. Kb2 Qb7 44. b4 Qa6 45. Qa3 Qc4 46. Rc2 Qd5 47. Qc3 Qa2+ 48. Kc1 Qa6 49. Kb2 Kg6 50. Qc5 Qa2+ 51. Kc1 Qa3+ 52. Rb2 Qxg3 53. b5 Kh7 54. b6 Qe1+ 55. Kc2 Qe4+ 56. Kc3 Qe1+ 57. Rd2 Qc1+ 58. Rc2 Qa1+ 59. Kd2 Qa6 60. Rb2 Qb7 61. Qd4 Bd5 62. Rc2 Be4 63. Rc7 Qa6 64. Ke3 Qa3+ 65. Rc3 Qb2 66. h5 Qh2 67. Qc5 Bb7 68. Qc7 Qg1+ 69. Kd2 Qd4+ 70. Kc1 Be4 71. Qc5 Qd7 72. Kb2 f4 73. Qe5 Qd2+ 74. Ka3 f5 75. b7 Bxb7 76. Qxf5+ Kh8 77. Qf8+ Kh7 78. Qf5+ Kh8 79. Qa5 Qd6+ 80. Kb2 Qd2+ 81. Ka3 Qd7 82. Kb2 f3 83. Rc7 Qd4+ 84. Ka3 Qe3+ 85. Ka4 Qe4+ 86. Ka3 Qd3+ 87. Rc3 Qd6+ 88. Kb2 f2 89. Qf5 Qb4+ 90. Rb3 Qd4+ 91. Ka3 Be4 92. Rb8+ 1-0

[Event "FIDE World Uni Blitz-B 1st"]
[Site "Tornelo INT"]
[Date "2021.03.13"]
[Round "6.38"]
[White "Kirilin, Dmitrij"]
[Black "Lefrere, Jean"]
[Result "0-1"]
[WhiteElo "2093"]
[BlackElo "1710"]
[PlyCount "48"]
[EventDate "2021.03.13"]
[EventType "swiss (blitz)"]
[EventRounds "10"]
[EventCountry "NET"]
[SourceTitle "EXT 2022"]
[Source "ChessBase"]
[SourceDate "2021.10.06"]
[SourceVersion "1"]
[SourceVersionDate "2021.10.06"]
[SourceQuality "1"]

1. Nf3 d5 2. d4 e6 3. c4 c6 4. Qc2 f5 5. Nc3 Nf6 6. Bf4 Bd6 7. e3 0-0 8. 0-0-0 Ne4 9. h4 Nd7 10. Nxe4 fxe4 11. Bxd6 exf3 12. Bxf8 Qxf8 13. gxf3 Qxf3 14. Rg1 e5 15. Bg2 Qh5 16. cxd5 exd4 17. dxc6 bxc6 18. exd4 Nf6 19. Qxc6 Qh6+ 20. Kb1 Bf5+ 21. Ka1 Rc8 22. Qb7 Qf4 23. Rc1 Rxc1+ 24. Rxc1 Qxc1# 0-1

[Event "Riga Tal Memorial rapid"]
[Site "Riga"]
[Date "2019.07.17"]
[Round "9"]
[White "Parligras, Mircea Emilian"]
[Black "Kirilin, Dmitrij"]
[Result "1-0"]
[WhiteElo "2638"]
[BlackElo "2060"]
[PlyCount "53"]
[EventDate "2019.07.16"]
[EventType "swiss (rapid)"]
[EventRounds "11"]
[EventCountry "LAT"]
[SourceTitle "CBM 191 Extra"]
[Source "ChessBase"]
[SourceDate "2019.09.30"]
[SourceVersion "1"]
[SourceVersionDate "2019.09.30"]
[SourceQuality "1"]

1. d4 Nf6 2. c4 e6 3. Nf3 d5 4. Nc3 Nbd7 5. Qc2 Be7 6. cxd5 exd5 7. Bf4 c6 8. h3 0-0 9. e3 Re8 10. Bd3 Nf8 11. 0-0 Ng6 12. Bh2 Bd6 13. Bxd6 Qxd6 14. Rab1 b6 15. b4 Bb7 16. Rfe1 Qe7 17. e4 dxe4 18. Nxe4 Nxe4 19. Bxe4 Qd6 20. h4 Nf8 21. Re3 h6 22. Rbe1 Red8 23. Ne5 Qxb4 24. a3 Qxd4 25. Nxf7 Qf6 26. Rf3 Qxh4 27. Qc4 1-0

[Event "Orsha op"]
[Site "Orsha"]
[Date "2019.01.20"]
[Round "5"]
[White "Kirilin, Dmitrij"]
[Black "Cherepov, Alexej"]
[Result "1/2-1/2"]
[WhiteElo "2074"]
[BlackElo "2226"]
[PlyCount "73"]
[EventDate "2019.01.18"]
[EventType "swiss"]
[EventRounds "9"]
[EventCountry "BLR"]
[SourceTitle "CBM 188 Extra"]
[Source "ChessBase"]
[SourceDate "2019.02.28"]
[SourceVersion "1"]
[SourceVersionDate "2019.02.28"]
[SourceQuality "1"]

1. c4 c5 2. Nc3 Nf6 3. g3 Nc6 4. Bg2 e6 5. Nf3 Be7 6. 0-0 0-0 7. d4 d5 8. cxd5 exd5 9. dxc5 Bxc5 10. Bg5 d4 11. Bxf6 Qxf6 12. Nd5 Qd8 13. Nf4 Re8 14. Rc1 Bb6 15. a3 Bf5 16. b4 Be4 17. Nd2 Bxg2 18. Kxg2 a6 19. Nb3 Qd6 20. Kg1 Rad8 21. Qd2 Qh6 22. Rfd1 d3 23. Nxd3 Bxf2+ 24. Kxf2 Qxh2+ 25. Kf1 Qh3+ 26. Kf2 Ne5 27. Qf4 Qh2+ 28. Kf1 Qh1+ 29. Kf2 Qh2+ 30. Kf1 Nxd3 31. exd3 Re2 32. Qf3 Rde8 33. Nd4 Qh3+ 34. Kg1 R2e3 35. Qh1 Qxg3+ 36. Qg2 Qf4 37. Ne2 1/2-1/2

[Event "Minsk Kupreichik Memorial op"]
[Site "Minsk"]
[Date "2018.06.23"]
[Round "10"]
[White "Kirilin, Dmitrij"]
[Black "Shvedau, Mikhail"]
[Result "1-0"]
[WhiteElo "2026"]
[BlackElo "1653"]
[PlyCount "91"]
[EventDate "2018.06.21"]
[EventType "swiss (rapid)"]
[EventRounds "11"]
[EventCountry "BLR"]
[SourceTitle "CBM 185 Extra"]
[Source "ChessBase"]
[SourceDate "2018.07.29"]
[SourceVersion "1"]
[SourceVersionDate "2018.07.29"]
[SourceQuality "1"]

1. d4 e6 2. Nf3 f5 3. g3 Nf6 4. Bg2 d5 5. 0-0 Bd6 6. c4 c6 7. b3 Qe7 8. Qc2 0-0 9. Bb2 Bd7 10. Ne5 Ne4 11. Nd2 Be8 12. e3 Nd7 13. Ndf3 Bh5 14. Nxd7 Qxd7 15. Ne5 Qe7 16. f3 Nf6 17. Rae1 Bxe5 18. dxe5 Nd7 19. Bd4 Nb6 20. cxd5 Nxd5 21. Bc5 Qc7 22. Bxf8 Rxf8 23. e4 fxe4 24. Qxe4 Qb6+ 25. Kh1 Bg6 26. Qc4 Re8 27. Qe2 Rd8 28. Rd1 Re8 29. Rde1 Rd8 30. Qf2 Qa5 31. Rd1 Rf8 32. Rd2 Be4 33. fxe4 Rxf2 34. Rdxf2 g6 35. exd5 cxd5 36. Bh3 Qa6 37. Rf6 Qd3 38. Rxe6 d4 39. Bg2 Qe2 40. Re7 Qb5 41. a4 Qc5 42. Rd7 d3 43. e6 d2 44. e7 d1Q 45. e8Q+ Qf8 46. Qxf8# 1-0

[Event "Minsk Kupreichik Memorial op"]
[Site "Minsk"]
[Date "2018.06.22"]
[Round "8"]
[White "Kirilin, Dmitrij"]
[Black "Zarubitski, Viachaslau"]
[Result "0-1"]
[WhiteElo "2026"]
[BlackElo "2412"]
[PlyCount "87"]
[EventDate "2018.06.21"]
[EventType "swiss (rapid)"]
[EventRounds "11"]
[EventCountry "BLR"]
[SourceTitle "CBM 185 Extra"]
[Source "ChessBase"]
[SourceDate "2018.07.29"]
[SourceVersion "1"]
[SourceVersionDate "2018.07.29"]
[SourceQuality "1"]

1. d4 Nf6 2. Nf3 e6 3. c4 Nc6 4. g3 Bb4+ 5. Bd2 Qe7 6. Bg2 Bxd2+ 7. Nbxd2 d6 8. 0-0 e5 9. e3 0-0 10. Qc2 g6 11. Qc3 e4 12. Ne1 Bg4 13. Nc2 Rae8 14. Rfe1 Nb8 15. b4 c6 16. a4 Nbd7 17. c5 d5 18. b5 Qe6 19. Rab1 Bh3 20. Nf1 Bxg2 21. Kxg2 Qf5 22. Qd2 Rb8 23. Rb2 h5 24. h3 Nh7 25. h4 g5 26. Qd1 Ndf6 27. Qe2 Kh8 28. g4 hxg4 29. hxg5 Nxg5 30. Ng3 Qf3+ 31. Qxf3 gxf3+ 32. Kf1 Ng4 33. Reb1 Ra8 34. bxc6 bxc6 35. Rb7 Nh3 36. Rc7 Nhxf2 37. Rxc6 Rab8 38. Rb5 Nd1 39. Nf5 Nh2+ 40. Kg1 f2+ 41. Kxh2 f1Q 42. Rh6+ Kg8 43. Rh5 Qe2+ 44. Kg1 0-1

[Event "Bialystok Zamenhof Memorial-B 36th"]
[Site "Bialystok"]
[Date "2017.12.28"]
[Round "3"]
[White "Kirilin, Dmitrij"]
[Black "Smieszek, Wojciech"]
[Result "1-0"]
[WhiteElo "1917"]
[BlackElo "2185"]
[PlyCount "71"]
[EventDate "2017.12.27"]
[EventType "swiss"]
[EventRounds "9"]
[EventCountry "POL"]
[SourceTitle "CBM 182 Extra"]
[Source "ChessBase"]
[SourceDate "2018.02.23"]
[SourceVersion "1"]
[SourceVersionDate "2018.02.23"]
[SourceQuality "1"]

1. Nf3 Nf6 2. c4 c5 3. Nc3 Nc6 4. d4 cxd4 5. Nxd4 g6 6. e4 Bg7 7. Be3 Ng4 8. Qxg4 Nxd4 9. Qd1 Ne6 10. Qd2 Qa5 11. Rc1 b6 12. Be2 Bb7 13. f3 g5 14. 0-0 Be5 15. Rfd1 d6 16. g3 Rg8 17. a3 Bf4 18. Kh1 Bxe3 19. Qxe3 Qe5 20. b4 f5 21. Nd5 f4 22. gxf4 gxf4 23. Qf2 Ng5 24. c5 Bxd5 25. Rxd5 Nh3 26. Qh4 Qb2 27. Rcd1 Qxe2 28. Qxh3 bxc5 29. bxc5 Rg6 30. cxd6 exd6 31. e5 dxe5 32. Qd7+ Kf8 33. Qf5+ Kg7 34. Rd7+ Kh6 35. Qh3+ Kg5 36. Qg4+ 1-0

[Event "Bialystok Zamenhof Memorial-B 36th"]
[Site "Bialystok"]
[Date "2017.12.27"]
[Round "2"]
[White "Praczukowski, Stanislaw"]
[Black "Kirilin, Dmitrij"]
[Result "0-1"]
[WhiteElo "2121"]
[BlackElo "1917"]
[PlyCount "116"]
[EventDate "2017.12.27"]
[EventType "swiss"]
[EventRounds "9"]
[EventCountry "POL"]
[SourceTitle "CBM 182 Extra"]
[Source "ChessBase"]
[SourceDate "2018.02.23"]
[SourceVersion "1"]
[SourceVersionDate "2018.02.23"]
[SourceQuality "1"]

1. d4 d5 2. c4 c6 3. Nf3 Nf6 4. e3 e6 5. b3 Nbd7 6. Bb2 Bd6 7. Bd3 Ne4 8. 0-0 0-0 9. Nbd2 f5 10. Ne5 Ndf6 11. f3 Nxd2 12. Qxd2 Bd7 13. Qe2 Be8 14. cxd5 cxd5 15. Rfc1 Qb6 16. Rc2 a6 17. Rac1 Bb5 18. Kh1 Bxd3 19. Nxd3 Rae8 20. Nc5 e5 21. Qf2 e4 22. f4 Rf7 23. Na4 Qb5 24. Qe2 Qxe2 25. Rxe2 Ree7 26. Rc8+ Rf8 27. Rec2 Rxc8 28. Rxc8+ Kf7 29. h3 Re8 30. Rc2 Nd7 31. Kg1 b5 32. Nc5 Rc8 33. b4 Nb6 34. Rc3 Nc4 35. Bc1 Ra8 36. Rb3 a5 37. a3 axb4 38. Rxb4 Ra5 39. Kf2 Ke7 40. g4 g6 41. gxf5 gxf5 42. Kg3 Bxc5 43. dxc5 Kd7 44. Kh4 Kc6 45. Kg5 Nxa3 46. Bb2 Kxc5 47. Bc3 Ra4 48. Rxa4 bxa4 49. Kxf5 Nb5 50. Ba1 Kc4 51. Ke5 d4 52. f5 dxe3 53. f6 e2 54. f7 e1Q 55. f8Q Qxa1+ 56. Ke6 Qd4 57. Qf1+ Qd3 58. Qc1+ Nc3 0-1